Statistics for State Quiz - Western Australia

Click here to take the quiz!

General Stats

  • This quiz has been taken 18 times
    (12 since last reset)
  • The average score is 10 of 15

Answer Stats

HintAnswer% Correct
Largest town in the aboveBroome
100%
States and territories that border WANorthern Territory
100%
Capital & largest cityPerth
100%
States and territories that border WASouth Australia
100%
Ocean that surrounds the state{Indian} Ocean
90%
Small marsupial only found in WAQuokka
80%
Largest inland cityKalgoorlie
70%
The northernmost region in the stateThe {Kimberley}
70%
Oldest cityAlbany
50%
In 1933 the state voted to _______Secede
50%
The colony was founded in 1829 with this name{Swan} {River} Colony
50%
WA produces the most ____ in the worldIron
40%
Only Prime Minister who has represented WAJohn Curtin
40%
Oldest inland settlementYork
40%
Colloquial name for a West AustralianSandgroper
30%

Score Distribution

Percentile by Number Answered

Percent of People with Each Score

Your Score History

You have not taken this quiz since the last reset